00000000nam 2200000za 4500
0019.836592
003CaOODSP
00520221107150930
007cr |||||||||||
008170511s2004    onc    #o    f000 0 fre d
040 |aCaOODSP|bfre
043 |an-cn-nu
0861 |aR62-481/2004F-PDF
24500|aVérification des principaux processus financiers à l'Unité de gestion du Nunavut |h[ressource électronique] : |brapport final / |crédigé par Paragon Review and Consulting Inc.
24617|aVérification des principaux processus financiers : |bUnité de gestion du Nunavut
24610|aUnité de gestion du Nunavut
260 |a[Ottawa?] : |bAgence Parcs Canada, Groupe du rendement, de la vérification et de l'examen, |c2004.
300 |aiv, 20 p.
500 |a« Août 2004. »
500 |aTitre pris sur la couv.
500 |aPublié aussi en anglais sous le titre: Audit of key financial processes at the Nunavut Field Unit : final report.
520 |a« L’Agence Parcs Canada (APC) procède à l’heure actuelle à une série de vérifications cycliques des principales pratiques financières et administratives et pratiques de gestion ayant cours dans les unités de gestion, les centres de services et le Bureau national. Les vérifications sont axées sur le respect des politiques et des pratiques du Secrétariat du Conseil du Trésor (SCT) et de l’APC. La vérification de l’unité de gestion du Nunavut (UGN) a été réalisée dans le cadre de ce programme de vérifications cycliques. » -- Résumé.
69207|2gccst|aVérification
69207|2gccst|aParc national
7101 |aCanada.|bParcs Canada. |bGroupe du rendement, de la vérification et de l'examen.
7102 |aParagon Review and Consulting Inc.
77508|tAudit of key financial processes at the Nunavut Field Unit |w(CaOODSP)9.836589
85640|qPDF|s88 Ko|uhttps://publications.gc.ca/collections/collection_2017/pc/R62-481-2004-fra.pdf